1068 1769 1197 1364 1432 1386 1671 1635 1637 1073 1818 1460 1949 1177 1821 1437 1355 1968 1936 1332 1146 1284 1650 1726 1919 1132 1118 1416 1303 1506 1119 1011 1147 1027 1310 1451 1077 1273 1655 1015 1800 1309 1741 1987 1319 1167 1434 1913 1157 1666 1300 1925 1852 1106 1198 1079 1269 1917 1114 1053 1395 1872 1399 1412 1726 1024 1193 1404 1147 1550 1631 1344 1018 1911 1163 1566 1184 1387 1222 1139 1876 1974 1113 1113 1888 1607 1293 1419 1211 1444 1293 1933 1448 1060 1119 1618 1365 1064 1970 BCNSPRNW ULIB Ver.6.0+V

เปลี่ยนเป็นภาษาไทย

Change to English
 แสดงรายละเอียดบรรณานุกรม
  กลับหน้าหลัก

Brief Record : Get Marc (ISO 2709) : E-mail record : QR code < ปิดหน้าต่าง
LEADER : 00000nam 2200000uu 4500
001    13399114583
003     ULIB
008    120418s2549||||th 000 0 tha d
020    ^a9749984854
090    ^aนว.^bณ111ล 2549
100 0  ^aฌามิวอาห์
245 00 ^aลานแก้ว...มันตรา/^cฌามิวอาห์
250    ^aพิมพ์ครั้งที่ 1
260    ^aกรุงเทพฯ :^bแจ่มใส^c2549
300    ^a349 หน้า
710 1  ^aแจ่มใส
945    ^p219^l0^i14043
995    ^aกัณชพร
999    ^aใช้งานได้ทุกระบบ
รายการนี้ยังไม่มีแท็ก
คุณยังไม่ได้ล็อกอิน คุณสามารถมีกิจกรรมร่วมกับเว็บไซต์ได้ แต่ต้องล็อกอินก่อน ::
  ล็อกอิน

รายการสื่อสารสนเทศ

ลำดับที่ ประเภท เลขเรียก/บาร์โค้ด สถานที่ สถานะ
1. วิทยาศาสตร์การแพทย์ และสุขภาพ
วิทยาศาสตร์การแพทย์ และสุขภาพ
นว. ณ111ล 2549  
  Barcode: 14043
ห้องสมุดวิทยาเขตสวรรค์ประชารักษ์
►นวนิยาย
บนชั้น
  ขอยืม

รายการใกล้เคียง
    ผู้แต่ง [ฌามิวอาห์]

BibComment


ยังไม่เคยถูกคอมเมนท์

คอมเมนท์ทรัพยากรรายการนี้
  คอมเมนท์: ลานแก้วมันตรา ฌา..


 Copyright 2026. Bcnsprnw @Library